[Event "CRO-chT1A 32nd"]
[Site "Veli Losinj"]
[Date "2024.10.08"]
[Round "4.3"]
[White "Paradzik, Berislav"]
[Black "Rezan, Sasa"]
[Result "0-1"]
[WhiteElo "2247"]
[BlackElo "2389"]
[PlyCount "106"]
[EventDate "2024.10.05"]
[EventType "team-tourn"]
[EventRounds "9"]
[EventCountry "CRO"]
[SourceTitle "CB47_2024"]
[SourceDate "2024.11.20"]
[SourceVersion "1"]
[SourceVersionDate "2024.11.20"]
[SourceQuality "1"]
[WhiteTeam "Zagreb Novi Zagreb"]
[BlackTeam "Bibinje Goran"]
[WhiteTeamCountry "CRO"]
[BlackTeamCountry "CRO"]

1. d4 d5 2. c4 e6 3. Nf3 Nf6 4. g3 Bd6 5. Nc3 h6 6. Bg2 0-0 7. 0-0 Nc6 8. b3 dxc4 9. bxc4 e5 10. d5 Na5 11. Nd2 Bd7 12. Bb2 Re8 13. Rc1 b6 14. Qc2 Rc8 15. Nb5 Bxb5 16. cxb5 Qd7 17. a4 Qe7 18. Rfd1 h5 19. Nc4 Nxc4 20. Qxc4 Rcd8 21. Bc3 Nd7 22. a5 Nc5 23. Bb4 Nb7 24. axb6 axb6 25. Bxd6 cxd6 26. Bh3 Nc5 27. Ra1 Ra8 28. Qc3 Qf6 29. Bg2 Qf5 30. Qc4 g6 31. e4 Qg4 32. h3 Qg5 33. h4 Qg4 34. Kh2 Kg7 35. f3 Qd7 36. Bh3 Qe7 37. Qc3 Qc7 38. Rdc1 Kh7 39. Kh1 Reb8 40. Kh2 Qd8 41. Rg1 Rxa1 42. Rxa1 Ra8 43. Ra3 Ra5 44. Rxa5 bxa5 45. Bf1 Qb6 46. Qe3 Nd7 47. Qg5 Kg7 48. Qe7 Nf6 49. Bg2 a4 50. g4 hxg4 51. f4 g3+ 52. Kxg3 Qe3+ 53. Kh2 Ng4+ 0-1

[Event "CRO-chT1A 32nd"]
[Site "Veli Losinj"]
[Date "2024.10.07"]
[Round "3.3"]
[White "Palac, Mladen"]
[Black "Paradzik, Berislav"]
[Result "1/2-1/2"]
[WhiteElo "2464"]
[BlackElo "2247"]
[PlyCount "48"]
[EventDate "2024.10.05"]
[EventType "team-tourn"]
[EventRounds "9"]
[EventCountry "CRO"]
[SourceTitle "CB47_2024"]
[SourceDate "2024.11.20"]
[SourceVersion "1"]
[SourceVersionDate "2024.11.20"]
[SourceQuality "1"]
[WhiteTeam "Zagreb Zagreb"]
[BlackTeam "Zagreb Novi Zagreb"]
[WhiteTeamCountry "CRO"]
[BlackTeamCountry "CRO"]

1. e4 c5 2. Nf3 e6 3. c3 d5 4. exd5 Qxd5 5. d4 Nf6 6. Na3 Nc6 7. Be3 cxd4 8. Nb5 Qd8 9. Nbxd4 Nxd4 10. Bxd4 Be7 11. Bd3 Qd5 12. 0-0 0-0 13. Qc2 h6 14. Rfd1 Qc6 15. a4 Rd8 16. a5 Qc7 17. Qe2 Bd7 18. Be5 Qc8 19. Nd4 a6 20. Qf3 Bc6 21. Qg3 Nh5 22. Qg4 Nf6 23. Qg3 Nh5 24. Qg4 Nf6 1/2-1/2

[Event "FISU World University"]
[Site "Tornelo INT"]
[Date "2020.10.28"]
[Round "9.18"]
[White "Paradzik, Berislav"]
[Black "Smieszek, Wojciech"]
[Result "1-0"]
[WhiteElo "2185"]
[BlackElo "2107"]
[PlyCount "43"]
[EventDate "2020.10.26"]
[EventType "team-swiss (rapid)"]
[EventRounds "9"]
[EventCountry "NET"]
[SourceTitle "CBM 199 Extra"]
[Source "ChessBase"]
[SourceDate "2021.01.31"]
[SourceVersion "1"]
[SourceVersionDate "2021.01.31"]
[SourceQuality "1"]
[WhiteTeam "Croatia II"]
[BlackTeam "Poland III"]
[WhiteTeamCountry "CRO"]
[BlackTeamCountry "POL"]

1. d4 Nf6 2. Bf4 c5 3. d5 e6 4. Nc3 b5 5. dxe6 fxe6 6. e4 Be7 7. e5 Nd5 8. Nxd5 exd5 9. Qxd5 Nc6 10. 0-0-0 Rb8 11. e6 Nb4 12. exd7+ Bxd7 13. Qh5+ g6 14. Qe5 0-0 15. Qxb8 Qa5 16. Qe5 Bf6 17. Qxc5 Rc8 18. Bc4+ Kh8 19. Be5 Qd8 20. Qxc8 Nd3+ 21. Rxd3 Qxc8 22. Bxf6# 1-0

[Event "FISU World University"]
[Site "Tornelo INT"]
[Date "2020.10.28"]
[Round "8.14"]
[White "Walter, Szymon"]
[Black "Paradzik, Berislav"]
[Result "1-0"]
[WhiteElo "2276"]
[BlackElo "2185"]
[PlyCount "93"]
[EventDate "2020.10.26"]
[EventType "team-swiss (rapid)"]
[EventRounds "9"]
[EventCountry "NET"]
[SourceTitle "CBM 199 Extra"]
[Source "ChessBase"]
[SourceDate "2021.01.31"]
[SourceVersion "1"]
[SourceVersionDate "2021.01.31"]
[SourceQuality "1"]
[WhiteTeam "Poland IV"]
[BlackTeam "Croatia II"]
[WhiteTeamCountry "POL"]
[BlackTeamCountry "CRO"]

1. e4 c5 2. Nc3 d6 3. f4 g6 4. Nf3 Bg7 5. Bb5+ Bd7 6. Bc4 Nc6 7. 0-0 e6 8. d3 Nge7 9. Ne2 0-0 10. Ng3 d5 11. Bb3 dxe4 12. dxe4 Nd4 13. c3 Nxb3 14. axb3 Bb5 15. Re1 a6 16. Be3 Qxd1 17. Raxd1 b6 18. Rd6 Rfb8 19. Ne5 Be8 20. Nf1 Bxe5 21. fxe5 Nc6 22. Bf4 Rd8 23. Bg5 Rxd6 24. exd6 Ne5 25. Ne3 Bc6 26. Rd1 Nd7 27. Ng4 Kg7 28. e5 h5 29. Nf6 Kf8 30. Nxd7+ Bxd7 31. Bf6 a5 32. Kf2 Ke8 33. g4 h4 34. Bxh4 a4 35. Ra1 Bc6 36. bxa4 c4 37. Bf6 Rxa4 38. Rxa4 Bxa4 39. h4 Bd1 40. Kg3 Kd7 41. Kf4 b5 42. Kg5 Be2 43. h5 gxh5 44. gxh5 Ke8 45. h6 Bd3 46. Be7 b4 47. cxb4 1-0

[Event "CRO-ch U19"]
[Site "Vinkovci"]
[Date "2017.07.26"]
[Round "4"]
[White "Bilic, Jakov"]
[Black "Paradzik, Berislav"]
[Result "0-1"]
[WhiteElo "1497"]
[BlackElo "2066"]
[PlyCount "60"]
[EventDate "2017.07.24"]
[EventType "swiss"]
[EventRounds "9"]
[EventCountry "CRO"]
[SourceTitle "EXT 2018"]
[Source "ChessBase"]
[SourceDate "2017.10.13"]
[SourceVersion "1"]
[SourceVersionDate "2017.10.13"]
[SourceQuality "1"]

1. e4 c5 2. Nf3 Nc6 3. d4 cxd4 4. Nxd4 g6 5. Nc3 Bg7 6. Nb3 Nf6 7. Bd3 0-0 8. 0-0 d6 9. h3 a6 10. Be3 b5 11. a3 Bb7 12. Qd2 Ne5 13. Bh6 Nc4 14. Bxc4 bxc4 15. Bxg7 Kxg7 16. Nd4 Nxe4 17. Nxe4 Bxe4 18. Qc3 e5 19. Rab1 Kg8 20. Ne2 Rc8 21. f4 Qb6+ 22. Kh1 f6 23. fxe5 dxe5 24. Rbd1 Qc6 25. Rg1 Rcd8 26. Rxd8 Rxd8 27. b3 cxb3 28. Qxc6 Bxc6 29. cxb3 Rd2 30. Re1 Rd3 0-1

[Event "CRO-ch U19"]
[Site "Vinkovci"]
[Date "2017.07.25"]
[Round "3"]
[White "Paradzik, Berislav"]
[Black "Zadravec, Matija"]
[Result "1-0"]
[WhiteElo "2066"]
[BlackElo "2150"]
[PlyCount "37"]
[EventDate "2017.07.24"]
[EventType "swiss"]
[EventRounds "9"]
[EventCountry "CRO"]
[SourceTitle "EXT 2018"]
[Source "ChessBase"]
[SourceDate "2017.10.13"]
[SourceVersion "1"]
[SourceVersionDate "2017.10.13"]
[SourceQuality "1"]

1. e4 c5 2. Nf3 g6 3. d4 cxd4 4. Qxd4 Nf6 5. Nc3 Nc6 6. Qa4 d6 7. e5 dxe5 8. Nxe5 Bd7 9. Nxd7 Nxd7 10. Bb5 Qc7 11. 0-0 e6 12. Bf4 Qc8 13. Ne4 f6 14. Rad1 a6 15. Qc4 Ke7 16. Nd6 Qd8 17. Bxc6 bxc6 18. Rfe1 Ne5 19. Bxe5 1-0

[Event "Paracin Summer op-A 10th"]
[Site "Paracin"]
[Date "2017.07.12"]
[Round "7"]
[White "Paradzik, Berislav"]
[Black "McPhillips, Joseph"]
[Result "0-1"]
[WhiteElo "2066"]
[BlackElo "2400"]
[PlyCount "92"]
[EventDate "2017.07.07"]
[EventType "swiss"]
[EventRounds "9"]
[EventCountry "SRB"]
[SourceTitle "EXT 2018"]
[Source "ChessBase"]
[SourceDate "2017.10.13"]
[SourceVersion "1"]
[SourceVersionDate "2017.10.13"]
[SourceQuality "1"]

1. Nf3 Nf6 2. c4 c6 3. d4 d5 4. cxd5 cxd5 5. Nc3 Nc6 6. Bf4 Bf5 7. Rc1 Qb6 8. Na4 Qa5+ 9. Bd2 Qd8 10. e3 e6 11. Qb3 Rb8 12. Nc5 Bxc5 13. Rxc5 0-0 14. Bd3 Bg4 15. 0-0 Nd7 16. Rcc1 Qf6 17. Ne1 Nb6 18. a4 Bf5 19. Be2 Qe7 20. a5 Nd7 21. Nd3 Qg5 22. Rfd1 Qd8 23. Qa4 Qh4 24. Nb4 Nf6 25. Be1 Qg5 26. Nxc6 bxc6 27. b4 Be4 28. Bf1 Bf3 29. Rd3 e5 30. Kh1 Be4 31. Rdc3 Qh5 32. f3 exd4 33. exd4 Bg6 34. Bg3 Rbd8 35. Rxc6 Qg5 36. Qa2 Nh5 37. Qf2 Nxg3+ 38. hxg3 Rd6 39. Kg1 Rxc6 40. Rxc6 Qf5 41. b5 Qb1 42. Qe3 Bf5 43. Rc7 h6 44. Rxa7 Rc8 45. Re7 Rc1 46. Qe2 Bd3 0-1

[Event "Paracin Summer op-A 10th"]
[Site "Paracin"]
[Date "2017.07.08"]
[Round "3.50"]
[White "Paradzik, Berislav"]
[Black "Budimir, Boris"]
[Result "1/2-1/2"]
[WhiteElo "2066"]
[BlackElo "2233"]
[PlyCount "41"]
[EventDate "2017.07.07"]
[EventType "swiss"]
[EventRounds "9"]
[EventCountry "SRB"]
[SourceTitle "EXT 2018"]
[Source "ChessBase"]
[SourceDate "2017.10.13"]
[SourceVersion "1"]
[SourceVersionDate "2017.10.13"]
[SourceQuality "1"]

1. c4 Nf6 2. g3 e6 3. Bg2 d5 4. Nf3 Be7 5. 0-0 0-0 6. d4 c6 7. Qc2 Nbd7 8. Nbd2 Re8 9. b3 Qc7 10. Bb2 b6 11. e4 Nxe4 12. Nxe4 dxe4 13. Qxe4 Bb7 14. Ne5 Nxe5 15. dxe5 Rad8 16. Rad1 Ba8 17. Qe2 c5 18. Bxa8 Rxa8 19. Rd3 Rad8 20. Rfd1 Rxd3 21. Rxd3 1/2-1/2

[Event "CRO-ch U17"]
[Site "Vinkovci"]
[Date "2016.07.31"]
[Round "9"]
[White "Paradzik, Berislav"]
[Black "Toplak, Juraj"]
[Result "0-1"]
[WhiteElo "1922"]
[BlackElo "2030"]
[PlyCount "106"]
[EventDate "2016.07.25"]
[EventType "swiss"]
[EventRounds "9"]
[EventCountry "CRO"]
[SourceTitle "CBM 173 Extra"]
[Source "ChessBase"]
[SourceDate "2016.08.29"]
[SourceVersion "1"]
[SourceVersionDate "2016.08.29"]
[SourceQuality "1"]

1. d4 Nf6 2. c4 e6 3. Nc3 Bb4 4. e3 Bxc3+ 5. bxc3 d6 6. Nf3 0-0 7. Qc2 c5 8. e4 Ne8 9. Bd3 f5 10. exf5 exf5 11. 0-0 Nc6 12. Re1 Qf6 13. Bg5 Qg6 14. Bf4 cxd4 15. cxd4 Nb4 16. Qd2 Nxd3 17. Qxd3 h6 18. h4 Qf6 19. Rab1 b6 20. d5 Nc7 21. Qd4 Ba6 22. Qxf6 Rxf6 23. Re7 Rc8 24. Rb4 b5 25. Rxc7 Rxc7 26. cxb5 Bb7 27. b6 axb6 28. Rxb6 Bxd5 29. Bxd6 Rb7 30. Rxb7 Bxb7 31. Bb4 Bxf3 32. gxf3 Ra6 33. a3 Kf7 34. h5 f4 35. Kg2 Kf6 36. Bc3+ Kg5 37. Bxg7 Rxa3 38. Be5 Ra4 39. Bd6 Kxh5 40. Be7 Kg6 41. Bd8 Kf5 42. Bc7 h5 43. Bd6 Rd4 44. Bc7 Rd3 45. Bb8 h4 46. Bc7 h3+ 47. Kxh3 Rxf3+ 48. Kg2 Kg4 49. Kf1 Rc3 50. Bb8 Kf3 51. Ke1 Rc1+ 52. Kd2 Rf1 53. Bxf4 Kxf4 0-1

[Event "CRO-ch U17"]
[Site "Vinkovci"]
[Date "2016.07.26"]
[Round "3"]
[White "Tica, Sven"]
[Black "Paradzik, Berislav"]
[Result "1-0"]
[WhiteElo "2232"]
[BlackElo "1922"]
[PlyCount "89"]
[EventDate "2016.07.25"]
[EventType "swiss"]
[EventRounds "9"]
[EventCountry "CRO"]
[SourceTitle "CBM 173 Extra"]
[Source "ChessBase"]
[SourceDate "2016.08.29"]
[SourceVersion "1"]
[SourceVersionDate "2016.08.29"]
[SourceQuality "1"]

1. d4 Nf6 2. c4 e6 3. g3 c5 4. d5 exd5 5. cxd5 d6 6. Nc3 g6 7. Nf3 Bg7 8. Bg2 0-0 9. 0-0 Re8 10. Bf4 Ne4 11. Nxe4 Rxe4 12. Nd2 Rxf4 13. gxf4 Bxb2 14. Rb1 Bg7 15. e4 Nd7 16. Re1 Bh6 17. Qf3 Qh4 18. Qg3 Qxf4 19. Nc4 Qxg3 20. hxg3 Bf8 21. a4 Nb6 22. Nxb6 axb6 23. Rxb6 Rxa4 24. e5 Ra6 25. Rxa6 bxa6 26. f4 Bd7 27. e6 Be8 28. Rb1 Bb5 29. exf7+ Kxf7 30. Bf1 g5 31. Kf2 gxf4 32. gxf4 Bxf1 33. Rxf1 Kg6 34. Kf3 Kf5 35. Rh1 Kg6 36. Ra1 Be7 37. Rxa6 h5 38. Ra7 Kf7 39. Ke4 Kf6 40. Rb7 h4 41. Ra7 h3 42. Ra3 Kg7 43. Kf5 Kf7 44. Rxh3 Bf6 45. Ra3 1-0

[Event "CRO-chT U20 25th"]
[Site "Sv Filip i Jakov"]
[Date "2016.03.23"]
[Round "5.4"]
[White "Paradzik, Berislav"]
[Black "Radikovic, Anamarija"]
[Result "1/2-1/2"]
[WhiteElo "1888"]
[BlackElo "1813"]
[PlyCount "69"]
[EventDate "2016.03.21"]
[EventType "team-tourn"]
[EventRounds "9"]
[EventCountry "CRO"]
[SourceTitle "CBM 171 Extra"]
[Source "ChessBase"]
[SourceDate "2016.04.26"]
[SourceVersion "1"]
[SourceVersionDate "2016.04.26"]
[SourceQuality "1"]

1. c4 e5 2. g3 Nf6 3. Bg2 c6 4. a3 d5 5. cxd5 cxd5 6. d4 e4 7. Bg5 Be7 8. Nh3 0-0 9. 0-0 Nbd7 10. Nc3 h6 11. Bxf6 Nxf6 12. Nf4 b6 13. Qb3 Bb7 14. Rac1 Qd7 15. Rc2 g5 16. Nh3 Ba6 17. Qa2 Bc4 18. b3 Ba6 19. Rfc1 Rac8 20. f3 exf3 21. exf3 Qd6 22. f4 Bd3 23. Rd2 Be4 24. fxg5 hxg5 25. Nxg5 Bxg2 26. Kxg2 Ng4 27. Nf3 Qxa3 28. Qb1 Qd6 29. h3 Nh6 30. Qd3 Qg6 31. Qxg6+ fxg6 32. Re2 Bb4 33. Na2 Rxc1 34. Nxc1 Nf5 35. g4 1/2-1/2

[Event "CRO-chT U20 25th"]
[Site "Sv Filip i Jakov"]
[Date "2016.03.21"]
[Round "2.4"]
[White "Toplak, Juraj"]
[Black "Paradzik, Berislav"]
[Result "1-0"]
[WhiteElo "1945"]
[BlackElo "1888"]
[PlyCount "103"]
[EventDate "2016.03.21"]
[EventType "team-tourn"]
[EventRounds "9"]
[EventCountry "CRO"]
[SourceTitle "CBM 171 Extra"]
[Source "ChessBase"]
[SourceDate "2016.04.26"]
[SourceVersion "1"]
[SourceVersionDate "2016.04.26"]
[SourceQuality "1"]

1. e4 c5 2. c3 g6 3. d4 cxd4 4. cxd4 d5 5. e5 Bg7 6. Nc3 Nh6 7. h3 0-0 8. Nf3 Nc6 9. Be2 f6 10. 0-0 Nf7 11. exf6 exf6 12. Qb3 Ne7 13. Bd2 Kh8 14. Rac1 a6 15. Na4 b5 16. Nc5 Nd6 17. a4 Nc4 18. axb5 axb5 19. Qxb5 Nxd2 20. Nxd2 Nf5 21. Nf3 Nd6 22. Qc6 Ra2 23. Qxd5 Rxb2 24. Bd3 Nb7 25. Bc4 Na5 26. Ne6 Bxe6 27. Qxe6 Re8 28. Qd5 Nxc4 29. Qxd8 Rxd8 30. Rxc4 Rb7 31. Rfc1 Kg8 32. Kf1 Bh6 33. Rc8 Kf7 34. Rxd8 Bxc1 35. Rc8 Ba3 36. Rc2 Re7 37. Re2 Rd7 38. Ke1 g5 39. Kd2 h5 40. Kd3 Rc7 41. d5 Rc1 42. Rc2 Rd1+ 43. Kc4 g4 44. hxg4 hxg4 45. Nd4 Bd6 46. Nf5 Be5 47. g3 Kg6 48. Ne3 Rd4+ 49. Kb5 Rd3 50. Kc6 Bxg3 51. Nxg4 Rd4 52. f4 1-0

[Event "CRO-ch U17"]
[Site "Krapinske Toplice"]
[Date "2015.07.29"]
[Round "7"]
[White "Zadravec, Matija"]
[Black "Paradzik, Berislav"]
[Result "1/2-1/2"]
[WhiteElo "1908"]
[BlackElo "1768"]
[PlyCount "36"]
[EventDate "2015.07.25"]
[EventType "swiss"]
[EventRounds "9"]
[EventCountry "CRO"]
[SourceTitle "CBM 167 Extra"]
[Source "ChessBase"]
[SourceDate "2015.09.14"]
[SourceVersion "1"]
[SourceVersionDate "2015.09.14"]
[SourceQuality "1"]

1. e4 d6 2. d4 Nf6 3. Nc3 e5 4. dxe5 dxe5 5. Qxd8+ Kxd8 6. Bg5 c6 7. 0-0-0+ Kc7 8. Nf3 Bg4 9. Bc4 Bc5 10. Bxf6 gxf6 11. h3 Bxf3 12. gxf3 Nd7 13. Bxf7 Bxf2 14. Kb1 Nb6 15. b3 Rad8 16. Kb2 Rxd1 17. Rxd1 Rd8 18. Rxd8 Kxd8 1/2-1/2